000 00395nam a22001457a 4500
005 20241202085153.0
008 241202b |||||||| |||| 00| 0 eng d
020 _a9788189093433
050 _aPN41
_bRIC
245 _aLOCUS ILLUSTRATED DICTIONARY OF LITERATURE
260 _aNEW DELHI
_bLOCUS PRESS
_cc2006
300 _a192p
_cill.;
700 _aEDITED BY RICHARDSON, JACK
942 _2lcc
_cBK
_n0
999 _c1880
_d1880